| 000 | 00398nam a2200145 i 4500 | ||
|---|---|---|---|
| 001 | 79980 | ||
| 003 | ES-MaACL | ||
| 007 | t| | ||
| 008 | 041025s1910 xxu ||||1| eng d | ||
| 100 | 1 |
_aHillquit, Morris. _963730 |
|
| 245 | 1 | 0 |
_aSocialism in theory and practice / _cby Morris Hillquit. |
| 260 |
_aNew York : _bMacmillan Company, _c1910. |
||
| 300 |
_a361 p. ; _c19 cm. |
||
| 852 |
_aES-MaACL _jG-109 |
||
| 999 |
_c79980 _d79980 |
||